Parques de generación eólica: aterrizamiento, protección de sobretensiones y coordinación de aislamiento

Uloženo v:
Podrobná bibliografie
Hlavní autor: Masís Esquivel, Alfonso, 1960- Director del TFG
Médium: Kniha
Jazyk:Undetermined
Vydáno: [San José, Costa Rica] 2010
Témata:
Tagy: Přidat tag
Žádné tagy, Buďte první, kdo vytvoří štítek k tomuto záznamu!

MARC

LEADER 00000nam a2200000Ia 4500
003 010051
005 20240404113116.0
008 140114s9999 xx 000 0 und d
040 |c cru CEDI 
090 |a TFG 6221 
100 |a Masís Esquivel, Alfonso, 1960-  |d Director del TFG   |9 2888 
245 |a Parques de generación eólica: aterrizamiento, protección de sobretensiones y coordinación de aislamiento  
260 |c 2010  |b [San José, Costa Rica] 
500 |a Proyecto de graducación (bachillerato en ingeniería eléctrica). Universidad de Costa Rica. Facultad de Ingeniería. Escuela de Ingeniería Eléctrica, 2010. "IE-0502 Proyecto Eléctrico" 
650 |x ENERGIA EOLICA  |9 2889 
942 |c TFG 
999 |c 15982  |d 15982